| 000 | 01659nam a22002417a 4500 | ||
|---|---|---|---|
| 005 | 20150619124354.0 | ||
| 008 | 141031b xxu||||fr|||| 001 e spa d | ||
| 040 |
_cSandra Yazo _dSandra Yazo |
||
| 041 | 0 | _aspa | |
| 082 | 0 | 4 |
_220 _a864.982 |
| 092 | _aE34N004 | ||
| 100 | 1 | 0 |
_965097 _aCapdevila, Arturo |
| 245 | 1 | 0 |
_aAmérica nuestras naciones ante los Estados Unidos _bPara los horizontes de América desde Buenos Aries, Ciudad fuerte _cArturo Capdevila |
| 260 |
_aBuenos Aires (Argentina) _bM. Gleizer _c1926 |
||
| 300 |
_a161 páginas _c19 x 13 cm. |
||
| 500 | _aDetalles físicos: Encuadernación rígida en cartulina, impresión sobre la tapa delantera. Anteportada. Portada impresa en una sola tinta. Texto impreso en una sola columna. Márgenes amplios. Papel muy manchado, varias hojas con dobleces y algunas páginas pegadas, cortes sin refilar | ||
| 505 | 0 | _aAdvertencia ; Donde se hace el elogio en las ciudades nuevas y se comienza a declarar que el hombre es una deuda ; Donde al ¿Quién vive? Se responde: ¡La patria! ; Donde se da la buena nueva del impostergable debe y se muestra la Torre de Seguridad ; Donde se habla de los Estados Unidos y de nuestras naciones a través de un asombroso episodio de estudiantes ; Donde se habla del Cíclope y de su caverna; mas también de Rivadavia y de Henry George ; Donde se acaba de declarar que e hombre es una deuda y se dice finalmente: Tomad posesión de la vida ; Epilogo | |
| 506 | _aConsulta en sala | ||
| 650 | 7 |
_914550 _aEnsayos argentinos |
|
| 650 | 7 |
_aLiteratura argentina _918607 |
|
| 690 |
_942866 _aLiteratura latinoamericana |
||
| 942 |
_2LOCAL _cLIBRO _e1 _hE34N004 |
||
| 999 |
_c297503 _d297503 |
||